000 00531cam a2200169 4500
008 101018n 000 0 eng u
020 _a8570970218
035 _a(Sirsi) a171704
050 _aBF 1999 GON 1997
100 _aGonzalez Pecotche, Carlos Bernardo
245 _aThe mechanism of conscious life/
_cby Carlos Bernado Gonzalez Pecotche.
260 _aSao Paulo:
_bEditora Logosofica,
_c1997
300 _a122p.
_bill.
504 _aIncludes Bibliographical References
650 _aConcious Life
650 _aLogosofiia
999 _c114916
_d114916